000 00872nam a22001337a 4500
040 _cRUA
082 _aAVM MEY 2010 B096 Or.1
100 _aMEY, SAM OL.
245 _aEffect of using dried bananas( mu sax) in concentrate rate feed on growth rate of quail at animal experimental station of royal university of agriculture, ឥទ្ធិពលនៃការប្រើប្រាស់ផ្លែចេកណាំវ៉ាហាលក្នុងចំណីផ្សំ លើការលូតលាស់របស់ក្រូចនៅស្ថានីយពិសោធន៍សត្វនៃសាកលវិទ្យាល័យភូមិន្ទកសិកម្ម
260 _aPhnom Penh
_bRUA
_c2010
300 _aix; 40p.
_bill.
_c29cm.
856 _uhttps://drive.google.com/file/d/19uZ-YFHnrNdE9ETDArW4v4odujm7Et-2/view?usp=sharing
942 _cAVM
999 _c2450
_d2450